| 000 | 01208cam a2200361 i 4500 | ||
|---|---|---|---|
| 001 | 016010148 | ||
| 003 | EG-ScBUE | ||
| 005 | 20230410095153.0 | ||
| 008 | 120112t2012 enko f bd 001 0 eng d | ||
| 020 | _a9781856697934 (pbk.) | ||
| 020 | _a1856697932 (pbk.) | ||
| 040 |
_aStDuBDS _beng _erda _cStDuBDS _dUk _dEG-ScBUE |
||
| 082 | 0 | 4 |
_a791.43 _bPAR _222 |
| 100 | 1 |
_aParkinson, David, _eauthor. _938268 |
|
| 245 | 1 | 0 |
_a100 ideas that changed film / _cDavid Parkinson. |
| 246 | 3 | _aOne hundred ideas that changed film | |
| 246 | 3 | _aHundred ideas that changed film | |
| 264 | 1 |
_aLondon : _bLaurence King Publishing, _c[2012] |
|
| 264 | 4 | _cc2012 | |
| 300 |
_a216 pages : _bphotographs ; _c27 cm |
||
| 336 |
_2rdacontent _atext _btxt |
||
| 337 |
_2rdamedia _aunmediated _bn |
||
| 338 |
_2rdacarrier _avolume _bnc |
||
| 500 | _aIncludes glossary. | ||
| 504 | _aIncludes bibliographical references and index. | ||
| 650 | 7 |
_aMotion pictures. _2BUEsh |
|
| 650 | 7 |
_aMotion pictures _xPlots, themes, etc. _2BUEsh |
|
| 650 | 7 |
_aMotion pictures _xTechnological innovations. _2BUEsh |
|
| 651 | _2BUEsh | ||
| 653 |
_bCOMAME _cJune2015 _cAugust2015 |
||
| 655 | _vReading book | ||
| 942 |
_2ddc _k791.43 PAR _cBB |
||
| 999 |
_c19626 _d19598 |
||